Murciélagos caseros (Registro nro. 16211)

Detalles MARC
000 -CABECERA
Campo de control 006060000a22001930004500
090 ## - CLASIFICACIÓN LOCAL
Colección AS
Consecutivo Seriadas
041 0# - IDIOMA
Código de idioma para texto/pista de sonido o título separado
044 ## - PAÍS DE PUBLICACIÓN
País de publicación
100 1# - ASIENTO PRINCIPAL--NOMBRE PERSONAL
Nombre personal Saavedra R., Carlos Arturo
245 10 - MENCION DE TITULO
Título Murciélagos caseros
Version refugios antrópicos y manejo preventivo en Cali (Colombia)
700 1# - ASIENTO SECUNDARIO - NOMBRE PERSONAL
Nombre personal Alberico, Michael
700 1# - ASIENTO SECUNDARIO - NOMBRE PERSONAL
Nombre personal García Paredes, Hugo
773 1# - Item fuente:
Título Cespedesia
Detalles específicos del material Dic.
Descripción física 26
Paginas del Articulo 41-70
Lugar, editorial y fecha de publicación 2003
Información sobre la relación 80
942 ## - ELEMENTOS ADICIONALES (KOHA)
Tipo de ítem Artículo

No hay ítems disponibles.